Juan Manuel de Rosas /

Guardado en:
Autor Corporativo: Canal Encuentro.
Formato: Deslizar
Publicado: Argentina, 2009.
Series:Caudillos - Capítulo 5
Materias:
Etiquetas: Agregar Etiqueta
Sin Etiquetas, Sea el primero en etiquetar este registro!
LEADER 01058ngm a22002895g 4500
001 CEM.cems023070
008 130507s2009##################0###0#####d
005 20241209180516.0
245 1 0 |a Juan Manuel de Rosas /  |c Canal Encuentro. 
260 |a Argentina,  |c 2009. 
300 |a 47'. 
490 0 |a Caudillos - Capítulo 5 
500 |a Consultar en ventanilla. 
505 0 |a Sus primeros años e inicios en política. Primer gobierno. Campaña al desierto. Ley de aduanas. Bloque francés. Generación del 37. Campañas de Lavalle. El terror. Sitio de Montevideo. Caída, exilio y muerte. 
538 |a Soporte: DVD - Color: Si - Grabación DRD 2012 
590 |a Identificación SIABUC: DVD Nº 57 
110 2 |a Canal Encuentro. 
082 9 8 |/ CAU 
653 |a HISTORIA 
653 |a HISTORIA ARGENTINA 
653 |a ROSAS 
653 |a CAUDILLOS 
653 |a GUERRAS CIVILES 
653 |a UNITARIOS Y FEDERALES 
653 |a NIVEL PRIMARIO 
653 |a NIVEL SECUNDARIO 
859 |a CEMS  |b BIB. CEMS - Depto. Recursos Didacticos  |h 982  |i CAU  |k DRD  |p 1713.12  |t Ej.1